China and It's Way To a Low Carbon Economy: Current Issues and Challenges

Postoj Číny ku klimatickým zmenám na základe štúdia relevantných dokumentov. Politické ciele a miera ich plnenia v oblasti udržateľnosti a energetickej efektívnosti. Výzvy, ktorým Čína čelí pri prechode na nízkouhlíkové hospodárstvo.

Gespeichert in:
Bibliographische Detailangaben
1. Verfasser: Cibuľa, Adam, 1992-
Format: Buchkapitel
Sprache:Englisch
Schlagworte:
Tags: Tag hinzufügen
Keine Tags, Fügen Sie das erste Tag hinzu!

MARC

LEADER 00000naa a2200000 4500
001 0271593
005 20240502083825.3
041 0 |a eng 
044 |a CA 
245 1 0 |a China and It's Way To a Low Carbon Economy: Current Issues and Challenges  |c Adam Cibuľa 
520 |a Postoj Číny ku klimatickým zmenám na základe štúdia relevantných dokumentov. Politické ciele a miera ich plnenia v oblasti udržateľnosti a energetickej efektívnosti. Výzvy, ktorým Čína čelí pri prechode na nízkouhlíkové hospodárstvo. 
610 2 0 |a Čína 
610 2 0 |a zmeny klimatické 
610 2 0 |a rozvoj hospodársky 
610 2 0 |a rozvoj trvalo udržateľný 
610 2 0 |a emisie 
100 1 |a Cibuľa, Adam, 1992-